Veltrhy mají budoucnost v komunikačním mixu

Vývojové trendy veľtrhov s ohľadom na ich účinnosť v komunikačnom mixe. Veľtrhy sa presadzujú v business-to-business - v obchode medzi podnikmi. Nástroje komunikačného mixu. Postavenie a efektívnosť veľtrhov

Enregistré dans:
Détails bibliographiques
Auteur principal: Svoboda, Václav
Format: Chapitre de livre
Langue:tchèque
Sujets:
Tags: Ajouter un tag
Pas de tags, Soyez le premier à ajouter un tag!

MARC

LEADER 00000naa a2200000 4500
001 r036360
005 20230607101452.6
041 0 |a cze 
044 |a CZ 
245 1 0 |a Veltrhy mají budoucnost v komunikačním mixu  |c Václav Svoboda 
520 |a Vývojové trendy veľtrhov s ohľadom na ich účinnosť v komunikačnom mixe. Veľtrhy sa presadzujú v business-to-business - v obchode medzi podnikmi. Nástroje komunikačného mixu. Postavenie a efektívnosť veľtrhov 
610 2 0 |a veľtrhy 
610 2 0 |a komunikácia marketingová 
610 2 0 |a imidž 
100 1 |a Svoboda, Václav